000 00678nam a2200265Ia 4500
003 OSt
005 20220924135804.0
006 a|||||r|||| 00| 0
007 ta
008 220923b |||||||| |||| 00| 0 ben d
020 _c15.00
024 _a292511
037 _cTextual
040 _aARTS
_cARTS
_bben
041 _2ben
_aben
082 _aO157,1xN3, M0
100 _aGangopadhay S.
_9210680
245 0 _aSundar rahasya mayi
260 _c1980
300 _a53p.
_ccm.
650 _aBENGALI LITERATURE
700 _a Chattopadhay S.
_9210681
942 _hO157,1xN3, M0
_cTEXL
_2CC
999 _c441943
_d441943